Normas de competencia del carpintero industrial de mypes (Registro nro. 23723)

Detalles MARC
000 -Cabecera
Campo de control interno 00535nam a2200181Ia 4500
005 - Fecha y hora del registro
control field 20260414150956.0
008 - Elementos de Longitud Fija
fixed length control field 260414t2013||||xx |||||||||||||| ||spa||
041 ## - Idioma
Codigo Idioma ESP
082 ## - DEWEY y NOTACIÓN INTERNA
Dewey 694.0218
Notación Interna I59B
110 ## - AUTOR INSTTITUCIONAL
Autor Institucional Instituto Peruano de Evaluación, Acreditación y Certificación de la Calidad de la Educación Básica
245 #0 - TÍTULO DE MATERIAL BIBLIOGRÁFICO
Título Normas de competencia del carpintero industrial de mypes
Título paralelo
260 ## - CIUDAD, EDITORIAL, AÑO
Año 2013
300 ## - DESCRIPCIÓN
N° Páginas 61 páginas :
Dimensiones 24 cm.
650 ## - TEMAS
Temas
654 ## - PROGRAMAS
Programa Dpto. de Ingeniería Civil
942 ## - ELEMENTOS DE KOHA
Tipo de documento Libro
Nombre del creador Justo Noguera
Código de catalogador Justo Noguera
Esquema de clasificación Dewey Decimal Classification
Suppress in OPAC
Existencias
Codigo completo Registro Colección Copia número Disponibilidad Tipo de préstamo Biblioteca Actual Procedencia (Biblioteca) Ubicacón Fecha Ingreso Tipo de Adquisición Date last seen Total checkouts Price effective from Tipo de Item Estado del Material Damaged status Withdrawn status
694.0218 I59B 1042130 Universidad Católica San Pablo 1 Disponible Disponible Víctor Andrés Belaunde Víctor Andrés Belaunde Segundo piso 14/04/2026 Donación 14/04/2026   14/04/2026 Libro Bueno